Hà Bắc ngàn năm văn hiến; T1 Những di tích lịch sử, kiến trúc và nghệ thuật

Với mục đích sắp cùng vị trí với một nhan đề khá nên sách được mã hóa theo nhan đề

Uloženo v:
Podrobná bibliografie
Hlavní autor: Thanh Hương
Médium: Kniha
Jazyk:Undetermined
Vydáno: Hà Bắc Sở VHTT 1973
Témata:
Tagy: Přidat tag
Žádné tagy, Buďte první, kdo otaguje tento záznam!
Thư viện lưu trữ: Trung tâm Học liệu Trường Đại học Cần Thơ
LEADER 00735nam a2200193Ia 4500
001 CTU_10879
008 210402s9999 xx 000 0 und d
082 |a 305.89597 
082 |b H100/T 
100 |a Thanh Hương 
245 0 |a Hà Bắc ngàn năm văn hiến; T1 
245 0 |b Những di tích lịch sử, kiến trúc và nghệ thuật 
245 0 |c Thanh Hương, Phương Anh 
260 |a Hà Bắc 
260 |b Sở VHTT 
260 |c 1973 
520 |a Với mục đích sắp cùng vị trí với một nhan đề khá nên sách được mã hóa theo nhan đề 
650 |a vietnam - civilization 
980 |a Trung tâm Học liệu Trường Đại học Cần Thơ